Workers' health and safety : a statistical program /

Bibliographic Details
Main Author: Woodbury, Robert Morse, 1889-
Format: Book
Language:English
Published: New York : The Macmillan company, 1927.
Series:Publication (Brookings Institution. Institute of Economics) ; no. 20.
Subjects:

MARC

Tag First Indicator Second Indicator Subfields
LEADER 00000cam a2200000 4500
001 in00000072312
005 20151008052450.0
008 761126s1927 nyu 00010 eng
010 |a  27014588  
035 |a (OCoLC)02580356 
035 |9 AAH3471AM 
040 |a DLC  |c HLS  |d TXA  |d UtOrBLW 
049 |a TXAM  |c [284194] 
050 0 |a HD7261  |b .W6 
092 |a 331.823  |b W885w 
100 1 |a Woodbury, Robert Morse,  |d 1889- 
245 1 0 |a Workers' health and safety :  |b a statistical program /  |c by Robert Morse Woodbury, with the aid of the council and staff of the Institute of economics. 
264 1 |a New York :  |b The Macmillan company,  |c 1927. 
300 |a xii pages 1 leaf, 207 pages ;  |c 21 cm. 
336 |a text  |b txt  |2 rdacontent 
337 |a unmediated  |b n  |2 rdamedia 
338 |a volume  |b nc  |2 rdacarrier 
490 1 |a Institute of economics. Investigations in industry and labor 
500 |a The Institute of economics of the Brookings institution. Publication number 20. 
650 0 |a Industrial accidents. 
650 0 |a Occupational diseases. 
830 0 |a Publication (Brookings Institution. Institute of Economics) ;  |v no. 20. 
999 |a MARS 
999 f f |s 67a62c6f-e91c-3c46-a853-15f6717c7499  |i 2657a00a-89f8-36e7-8cd4-8235a6311aaf  |t 0 
952 f f |p ric  |a Texas A&M University  |b Rellis Campus  |c Joint Library Facility  |d Remote Storage  |t 0  |e HD7261 .W6  |h Library of Congress classification  |i unmediated -- volume  |m A14800722023 
998 f f |a HD7261 .W6  |t 0  |l Remote Storage